<?xml version="1.0" encoding="UTF-8"?>
<record
    xmlns:xsi="http://www.w3.org/2001/XMLSchema-instance"
    xsi:schemaLocation="http://www.loc.gov/MARC21/slim http://www.loc.gov/standards/marcxml/schema/MARC21slim.xsd"
    xmlns="http://www.loc.gov/MARC21/slim">

  <leader>00813nam a22001577a 4500</leader>
  <controlfield tag="008">190123b        xxu||||| |||| 00| 0 eng d</controlfield>
  <datafield tag="020" ind1=" " ind2=" ">
    <subfield code="a">9786079703400</subfield>
  </datafield>
  <datafield tag="082" ind1=" " ind2=" ">
    <subfield code="a">709.72</subfield>
    <subfield code="b">O313e</subfield>
  </datafield>
  <datafield tag="100" ind1=" " ind2=" ">
    <subfield code="a">Obrist, Hans Ulrich </subfield>
    <subfield code="9">448</subfield>
  </datafield>
  <datafield tag="245" ind1=" " ind2=" ">
    <subfield code="a">Conversaciones en M&#xE9;xico</subfield>
  </datafield>
  <datafield tag="260" ind1=" " ind2=" ">
    <subfield code="a">M&#xE9;xico D.F., M&#xE9;xico</subfield>
    <subfield code="b">Fundaci&#xF3;n Alumnos47</subfield>
    <subfield code="c">2018</subfield>
  </datafield>
  <datafield tag="300" ind1=" " ind2=" ">
    <subfield code="a">351 p.</subfield>
    <subfield code="b">ill (col)</subfield>
    <subfield code="c">28,8 cm</subfield>
  </datafield>
  <datafield tag="505" ind1=" " ind2=" ">
    <subfield code="t">Leonora Carrington</subfield>
    <subfield code="t">Esquivel!</subfield>
    <subfield code="t">Pedro Ram&#xED;rez V&#xE1;zquez</subfield>
    <subfield code="t">Juan Soriano</subfield>
    <subfield code="t">Santiago Genov&#xE9;s</subfield>
    <subfield code="t">Teodoro Gonz&#xE1;lez de Le&#xF3;n</subfield>
    <subfield code="t">Carlos Fuentes</subfield>
    <subfield code="t">Alejandro Jodorowsky</subfield>
    <subfield code="t">Margo Glantz</subfield>
    <subfield code="t">Elena Poniatowska</subfield>
    <subfield code="t">Pedro Friedeberg</subfield>
    <subfield code="t">Eduardo Terrazas</subfield>
    <subfield code="t">Graciela Iturbide</subfield>
    <subfield code="t">Felipe Ehrenberg</subfield>
  </datafield>
  <datafield tag="650" ind1=" " ind2=" ">
    <subfield code="2">Arte contempor&#xE1;neo</subfield>
    <subfield code="v">Arte - Entrevistas</subfield>
    <subfield code="v">Arte - Conversaciones</subfield>
    <subfield code="z">Artistas - M&#xE9;xico</subfield>
    <subfield code="z">Fundaci&#xF3;n Alumnos47 - M&#xE9;xico</subfield>
    <subfield code="9">6864</subfield>
  </datafield>
  <datafield tag="700" ind1=" " ind2=" ">
    <subfield code="a">Marta, Karen (Ed.)</subfield>
    <subfield code="9">6865</subfield>
  </datafield>
  <datafield tag="999" ind1=" " ind2=" ">
    <subfield code="c">1707</subfield>
    <subfield code="d">1707</subfield>
  </datafield>
  <datafield tag="952" ind1=" " ind2=" ">
    <subfield code="0">0</subfield>
    <subfield code="1">0</subfield>
    <subfield code="2">ddc</subfield>
    <subfield code="4">0</subfield>
    <subfield code="7">0</subfield>
    <subfield code="a">LV</subfield>
    <subfield code="b">LV</subfield>
    <subfield code="c">Pensamiento</subfield>
    <subfield code="d">2019-01-23</subfield>
    <subfield code="l">0</subfield>
    <subfield code="o">709.72 O313e</subfield>
    <subfield code="p">004671</subfield>
    <subfield code="r">2019-01-23 00:00:00</subfield>
    <subfield code="w">2019-01-23</subfield>
    <subfield code="y">01</subfield>
  </datafield>
</record>
